000 00820nam a2200241Ia 4500
003 OSt
005 20220923211248.0
006 a|||||r|||| 00| 0
007 ta
008 220922b |||||||| |||| 00| 0 pan d
020 _a9788178561967 (hbk)
_c150
024 _a243,303
037 _b309, 08/10/2010, H.K. Prakashan
_cTextual
040 _aARTS
_cARTS
_bpan
041 _2pan
_apan
082 _aO153,6M95:g, P7
100 _aਕੰਵਲਜੀਤ ਕੌਰ
245 0 _aਪੰਜਾਬੀ ਵਾਰਤਕ ਅਤੇ ਸੰਸਮਰਣ ਸਾਹਿਤ
260 _aਅੰਮ੍ਰਿਤਸਰ
_b ਵਾਰਿਸ Fਾਹ
_c2007
300 _a112ਪੰ
_ccm.
942 _hO153,6M95:g, P7
_cTEXL
_2CC
999 _c297861
_d297861